| 000 | 00783cam a2200265 4500 | ||
|---|---|---|---|
| 001 | 481 | ||
| 003 | BD-RjUL | ||
| 005 | 20211208233204.0 | ||
| 008 | 700826s1969 fr b 000 0 eng | ||
| 035 | _a(BD-RjUL)498 | ||
| 040 |
_aDLC _cDLC _dDLC _dBD-RjUL _beng |
||
| 041 | _aeng | ||
| 082 | 0 | 0 |
_a020.711 _223 _bSAM 1969 |
| 100 | 1 |
_aSabor, Josefa Emilia. _91492 |
|
| 245 | 1 | 0 |
_aMethods of teaching librarianship / _cJosefa E. Sabor. With an introductory study by Ricardo Nassif. |
| 260 |
_aParis : _bUnesco, _c1969 |
||
| 300 |
_a145 p. ; _c21 cm. |
||
| 490 | _aUnesco manuals for libraries, 16 | ||
| 504 | _aIncludes bibliographies. | ||
| 650 | 0 |
_aLibrary education. _91405 |
|
| 700 | 1 |
_aNassif, Ricardo. _91493 |
|
| 942 |
_2ddc _cBK |
||
| 999 |
_c481 _d481 |
||